Регионална библиотека "Любен Каравелов" - Русе

Свирепия 11 - Взвод "Ехо" (Запис номер 31627)

MARC детайли
000 -Лидер
Контролно поле с фиксирана дължина nam a22 a 4500
003 - Код на организацията, давaща контролен номер
Контролно поле BLK
005 - Дата и час на последна редакция
Контролно поле 20230404091621.0
008 - Елементи от данни с фиксирана дължина
fixed length control field 180407b bul|||||r ||||||| ||bul||
010 ## - Наследен системен номер
LC control number KNG00034284000
020 ## - Международен стандартен номер на книга ISBN
Международен стандартен номер на книга ISBN 954-729-097-5
040 ## - Източник на каталожния запис
Идентификатор на билиотеката - собственик на записа BLK
041 ## - Код за език
Код за езика на текст/звукозапис или на отделно заглавие Български
Код за езика КДБФ Български
080 ## - УДК
Текстов определител УДК Американска литература (на САЩ)
УДК код - определител по УДК 821.111(73)
УДК определител -312.4
УДК - код + определител 821.111(73)-312.4
100 1# - Редна дума - Автор
Автор Марчинко, Ричард
Авторска отговорност първи автор
R(LIN) 93869
139 ## - Редно поле
Редна дума Марчинко, Ричард и др.
Авторски знак Марч - М 36
245 10 - Сведения за заглавието
Заглавие Свирепия 11 - Взвод "Ехо"
Подзаглавни данни Роман
Редно поле (дума) Ричард Марчинко; съавт. Джон Вайсман; прев. от англ. Венцислав Тренев Градинаров.
257 ## - Страна на издаване
Страна на създаване/издаване Съединени американски щати
260 ## - Област на издателските данни
Място на издаване, разпространение и проч. София
Име на издателя, разпространителя и проч. Атика
Година на издаване 2000
Издателство - префикс ISBN 954-729-097-5
300 ## - Физическа характеристика
Страници 304 с.
Размери/Мащаб 20 см
380 ## - Жанр
Жанр Худож. лит.
490 ## - СЕРИИ (Колекции)
Име на серия Поредица Международни бестселъри Crime Mystery
9 (RLIN) 201189
500 ## - Общи забележки
Забележка Ориг. загл. Rogue Warrior : Echo Platoon / Richard Marcinko, Jon Weisman. - Офс. изд. - Съдържа и Речник
653 ## - Ключова дума – ненормативна
Ключова дума романи
653 ## - Ключова дума – ненормативна
Ключова дума трилъри
700 1# - Други автори (авторска отговорност)
Лично име Вайсман, Джон
Автороска отговорност (Описва отношението между автора и произведението) съавт.
9 (RLIN) 244521
700 1# - Други автори (авторска отговорност)
Лично име Градинаров, Венцислав Тренев
Автороска отговорност (Описва отношението между автора и произведението) прев. от англ.
9 (RLIN) 243054
852 ## - Местоположение
Форматна сигнатура Цб 171804
Фондова буква Хранилище
856 4# - Електронен адрес и достъп
Електронен формат pdf - файл
Инструкция (цена за достъп) 0.00
Права за достъп disable
856 4# - Електронен адрес и достъп
Електронен формат pdf - файл
Инструкция (цена за достъп) 0.00
Права за достъп disable
999 ## - СИСТЕМНИ КОНТРОЛНИ НОМЕРА
Koha biblionumber 31627
Koha biblioitemnumber 31627
942 ## - АРТИКУЛИ
Вид на библиотечния материал Книги
Скрит в OPAC Не
Koha issues (borrowed), all copies 5
Периодичен библиозапис Да
944 ## - СЪЗДАВАНЕ И РЕДАКЦИЯ на ЗАПИСА
Създаване/Редакция Създаване
Дата на регистрацията/редакция 29.01.2003
Статус, дата на статуса ф /
Служител, извършил регистрацията/редакцията Людмила_Стоянова
944 ## - СЪЗДАВАНЕ И РЕДАКЦИЯ на ЗАПИСА
Създаване/Редакция Редакция
Дата на регистрацията/редакция 19.06.2013
Статус, дата на статуса ф /
999 ## - СИСТЕМНИ КОНТРОЛНИ НОМЕРА
Koha biblioitemnumber 31627
999 ## - СИСТЕМНИ КОНТРОЛНИ НОМЕРА
Koha biblioitemnumber 31627
Наличности
Код за отписване Код за изгубен артикул Източник на класификационната схема Код за повреда Коз за рестрикции Код за отдаване Артикулен № Име на библиотеката - собственик Име на библиотеката, в която се намира в момента Статус (Текущо местоположение) Дата на вписване в системата Местоположение - отдел Цена в лева Инвентарен номер Систематично азбучна сигнатура Баркод Номер на екземпляра Цена в евро Служебна бележка Служебен тип на артикула
  Не е изгубен Universal Decimal Classification Не е повреден без рестрикции ползва се в читалня 50353 Регионална библиотека "Любен Каравелов" Русе Регионална библиотека "Любен Каравелов" Русе Хранилище 2001-01-01 Хранилище 7.00 662347 Цб 171804 120000662347 1 3.58 Дост: Dp Вид: Д N: 7 Дата: 01.01.2001 Книги
  Не е изгубен   Не е повреден без рестрикции заемане за дома 50354 Регионална библиотека "Любен Каравелов" Русе Регионална библиотека "Любен Каравелов" Русе Заемна - подръчен фонд 2013-06-06 Заемна - подръчен фонд 7.00 120000766631 П 820(73)-31/М 36 120000766631 2 3.58 Дост: DA Вид: А N: 12 Дата: 06.06.2013 Дата инв: 15.02.2018 Бележки инв: П2018 Книги
Vip Innovations Ltd, Rousse, Bulgaria 2025